000 00386cam a2200157ua 4500
041 _amal
_h
082 _a894.8122
_bMAD/VE
100 _aMadhavan pillai, C .
245 _aVennilave /
_cC Madhavan pillai.
_hTextual Documents
250 _a1 /
_b.
260 _aAleppey :
_bVijayabhanu Publishers ,
_c1951.
300 _a105 ; .
504 _a
942 _cBK
999 _c8396
_d8396